| 000 | 00323 a2200133 4500 | ||
|---|---|---|---|
| 999 |
_c325355 _d325355 |
||
| 001 | 90282 | ||
| 003 | NUST | ||
| 082 | _a891.4391 HAS | ||
| 100 |
_aHassan Rizvi _99806 |
||
| 245 |
_aMadiney Ki Hawa _hUrdu |
||
| 260 |
_aLahore _bSang -e-Meel Publications _c2013 |
||
| 300 | _a174 p. | ||
| 500 | _aGeneral Books | ||
| 942 |
_aCAE NUST _cBK _k891.4391 HAS _2ddc |
||